00745nam a2200181Ia 4500001000900000003000500009005001700014008004100031010001100072040000900083082001500092110010800107245020200215260007200417300000900489650003000498650003500528dia_1744CHAP20230327092740.0220117s1971 xx 000 0 und d a172280 cCHAP a630.972 M4 aMéxico. Secretaría de Agricultura y Ganadería. Instituto Nacional de Investigaciones Agrícolas. aAdelantos de la Ciencia Agricola en México. Informe de Labores del INIA. 1966-1968 /c por el Instituto Nacional de Investigaciones Agricolas. Secretaría de Agricultura y Ganadería. México. aMéxico :b Instituto Nacional de Investigaciones Agricolas,c1971 a2 v. a1.AgriculturaxMéxico/  aDesarrollo agricolaxMéxico.